| 000 | 00644nam a2200205Ii 4500 | ||
|---|---|---|---|
| 003 | JO-AjNU | ||
| 008 | 230606s9999||||xx |||||||||||||| ||und|| | ||
| 020 | _a0-7216-4713-8 | ||
| 040 |
_aJO-AjNU _beng _erda _cJO-AjNU |
||
| 041 | _aeng | ||
| 050 | 1 | 4 | _aHD58.7.H6 1979 |
| 100 | 3 |
_aHODGETTS,RIGHARD M , STEVEN ALTMAN, _eauthor _95865 |
|
| 245 | 0 | 0 | _aOrganizational Behavior |
| 264 | 3 | 1 | _aLONDON : W.B.SAUNDERS COMPANY, 1979 |
| 300 |
_a427p _bIncludes references indexes (444-455p) |
||
| 336 |
_atext _btxt _2rdacontent |
||
| 337 |
_aunmediated _bn _2rdamedia |
||
| 338 |
_avolume _bnc _2rdacarrier |
||
| 650 | 4 |
_aOrganizational- Behavior _95866 |
|
| 999 |
_aE3043 _c3040 _d3040 |
||